000 00564nam a2200181 i 4500
001 bg
100 1 _aGevorkjan, Ruben. Georgievič.
245 0 _aFizyka /
_cR. G. Gevorkjan, V. V. Sepel ; Tłum. [z ros.] Stanisław Dymus.
260 _aWarszawa :
_bPaństw. Wydawn. Nauk.,
_c1975.
300 _as. 658, nlb. 2 :
_brys., tab., err.
500 _a[Na k. tyt. aut.] : Gieworkian R. G. , Szepiel.
700 1 _aŠepe~7l, Vladimir. Vladimirovič.
040 _cBPK
041 _apol
080 _a53
942 _cKS
008 s pl f |000 0 pol
999 _c16332
_d16332
856 _uhttp://koha.tu.koszalin.pl/cgi-bin/koha/opac-detail.pl?biblionumber=16332
_yKatalog online BPK